Statistiques concernant Nommez un pays valide par son indépendance

Cliquez ici pour prendre le quiz!

Statistiques générales

  • Ce quiz a été pris 1 497 fois
  • Le résultat moyen est 11 sur 14

Statistiques - réponses

Ex-souverainPays% Correct
Royaume-Uni
États-Unis, Inde, Nigéria...
99%
FranceHaïti, Liban, Algérie...
99%
EspagneArgentine, Mexique, Pays-Bas...
98%
PortugalBrésil, Angola, Cap-Vert...
98%
Union SoviétiqueRussie, Ukraine, Kazakhstan...
91%
YougoslavieBosnie-Herzégovine, Croatie, Slovénie...
87%
BelgiqueBurundi, RDC, Rwanda
87%
SoudanSoudan du Sud
83%
Pays-BasSuriname, Indonésie, Belgique...
79%
ColombieÉquateur, Venezuela, Panama
77%
MalaisieSingapour
66%
AustraliePapouasie-Nouvelle-Guinée, Nauru
61%
DanemarkIslande
56%
États-UnisLiberia, Philippines, Iles Marshall...
52%

Distribution des résultats

Percentile par nombre de réponses

% des personnes avec chaque résultat

Votre développement - résultats

Vous n’avez pas pris ce quiz